• 首页
  • 本馆介绍
  • 公告通知
  • 最新文献
  • 馆藏检索
  • 电子资源
  • 读者导购
  • 参考咨询
  • 我的图书馆
  • 登录
  • 详细信息显示
  • 放入我的书架
  • 预约/预借图书
  • 作者相关作品
  • 分类相关作品
  • 丛书相关作品
  • 出版社相关作品

书目信息

  • 表格格式
  • 工作单格式
  • 卡片格式
题名:
青年心理学
    
 
作者: 依田新 主编 ;杨宗义 , 张春 译
分册:  
出版信息: 北京   知识出版社  1981
页数: 194页
开本: 19cm
丛书名:
单 册:
中图分类: B844.2 , B84
科图分类:
主题词: 青年心理学 , 心理学
电子资源:
ISBN:
000 00699nam0 2200265 45
001 1569175199
005 20150128080730.57
010    @dCNY0.52
091    @aCN@b2214.2
100    @a19950613d1981 em y0chiy0121 ea
101 1  @achi@cjpn
102    @aCN@b110000
105    @ay z 000yy
200 10 @a青年心理学@Aqing nian xin li xue@f(日)依田新主编@g杨宗义, 张春译
210    @a北京@c知识出版社@d1981
215    @a194页@d19cm
606    @a青年心理学
606 0  @a心理学
690    @aB844.2@v3
690    @aB84@v4
701  0 @a依田新@Ayi tian xin@4主编
702  0 @a杨宗义@Ayang zong yi@4译
702  0 @a张春@Azhang chun@4译
801  0 @aCN@bTSSF@c20150128
905    @aZUCC@dB84@eJY63
    
    青年心理学/(日)依田新主编/杨宗义, 张春译.-北京:知识出版社,1981
    194页;19cm
    
    
    ISBN :CNY0.52
    
●
相关链接 在E读中查询图书 在五车中查询图书 在当当中查询图书 在豆瓣中查询图书


正题名:青年心理学     索取号:B84/JY63         预约/预借

序号 登录号 条形码 馆藏地/架位号 状态 备注
1 7855511   278555118   学院路分馆/ [索取号:B84/JY63] 在馆    
唐山师范学院图书馆 欢迎您!
大连网信软件有限公司© 版权所有